000 01092nam a2200385 c 4500
001 8763
003 DO-SdBNP
005 20171108133543.0
007 8763
008 150331s2007 ms a | |||| 000 0 spa
015 _a
017 _a
_b
020 _a9789707707344
035 _a
040 _aBPMSU
_bspa
_cBPMSU
_e
080 _a
082 4 _a302
_bG543c
100 1 _aGladwell, Malcolm
_d
_4
245 1 3 _aLa clave del éxito :
_b Cómo los pequeños cambios pueden provocar grandes efectos /
_c Malcolm Gladwell traducción Inés Belaustegui
250 _a
260 _aMéxico :
_bTaurus,
_c2007
300 _a329 p. :
_bil. ;
_c22 cm
336 _a
_2
337 _a
_2
490 1 _a Pensamiento (Taurus)
500 _aIncluye índice
650 4 _aPSICOLOGÍA SOCIAL
650 4 _aCAUSALIDAD
650 4 _aEFECTOS DEL CONTEXTO (PSICOLOGÍA)
700 _a Belaustegui, Inés
_etraductora
830 0 _aPensamiento (Taurus)
942 _2ddc
_cBK
945 _a Inventariado extranjero / 2017 VM
956 _aVMATEO
_b10
_c20160831
_dBPMSU
_f0069
999 _c11263
_d11263